Quizzes
Events
Quiz Creation
Community
Videos
Private Events
Remove Ads
Sign In
Join for FREE
Feedback
Dark Mode
Quiz Categories
Sports
Geography
Music
Movies
Television
Just For Fun
Miscellaneous
History
Literature
Language
Science
Gaming
Entertainment
Religion
Holiday
For Kids
Quiz Lab
Recent
Popular Today
Quiz Kudos Today
Editor Picks
Curator Picks
Quizzes by...
Day
Popularity
Type
Ratings
Length
Year
Community
Subscriptions
Recent Discussions
Orange Saloon
Badges
Playlists
Quests
Create
Leaderboards
Showdown
Live 5
Trivia Bingo
Activity
Puzzle Library
Sporcle Events
Private Events
Virtual Trivia
Globe League
Become a Host
Pub Owners
SporcleCon
Opinionation
Our Games
Videos
Blog
Mobile Apps
Partnerships
Remove Ads and Go Orange
Feedback
Sports
Athletes
MLB
NBA
NHL
NFL
Soccer
Sports Teams
WWE
NCAA
Football
Premier League
Basketball
Baseball
Hockey
Golf
Tennis
Cricket
Rugby
Auto Racing
Olympics
World Cup
Sports
Athletes
MLB
NBA
NHL
NFL
Soccer
Sports Teams
WWE
NCAA
Football
Premier League
Basketball
Baseball
Hockey
Golf
Tennis
Cricket
Rugby
Auto Racing
Olympics
World Cup
Random Quiz
Search Sporcle
×
Quiz Lab
Quiz Lab
Sports
Football
Type in answers that appear in a list
Type in answers that appear in a list
Classic
Best Score? Go Orange.
NCAA Football Teams By Stadium Stats
Can you name the NCAA Football Teams By Stadium
By
JKowalek
10m
30 Questions
166 Plays
166 Plays
166 Plays
Comments
Comments
Give Quiz Kudos
Give Quiz Kudos
-
- Ratings
hide this ad
Replay
Link that replays current quiz
Next Quiz
Link to next quiz in quiz playlist
You Got
0%
They Got
Avg Score
64%
Avg Friend Score
Upgrade to see
Score Distribution
Jump to the score distribution portion of the page
Score
0/30
Timer
10:00
0
Plays Today
Stadium
School
% Correct
Darrell K Royal Memorial Stadium
Texas
96.4%
Autzen Stadium
Oregon
93.4%
Kyle Field
Texas A&M
92.2%
Ben Hill Griffin Stadium
Florida
92.2%
The Rose Bowl
UCLA
91%
Jordan-
Hare Stadium
Auburn
89.8%
Beaver Stadium
Penn State
86.1%
Camp Randall Stadium
Wisconsin
84.9%
Neyland Stadium
Tennessee
84.3%
Carrier Dome
Syracuse
83.7%
Sanford Stadium
Georgia
80.7%
Raymond James Stadium
USF
74.1%
Cajun Field
Louisiana-Lafayette
71.1%
Williams Brice Stadium
South Carolina
70.5%
LaVell Edwards Stadium
BYU
67.5%
Stadium
School
% Correct
Bobby Dodd Stadium
Georgia Tech
66.3%
Liberty Bowl Memorial Stadium
Memphis
63.9%
Sun Bowl Stadium
UTEP
63.9%
Lane Stadium
Virginia Tech
62%
Aggie Memorial Stadium
New Mexico State
60.8%
Wallace Wade Stadium
Duke
54.8%
Davis Wade Stadium
Mississippi State
47%
Legion Field
UAB
46.4%
Glass Bowl
Toledo
44.6%
Milan Puskar Stadium
West Virginia
44%
Ryan Field
Northwestern
42.8%
Joe Aillet Stadium
Louisiana Tech
30.7%
Yulman Stadium
Tulane
24.1%
Dowdy-
Ficklen Stadium
ECU
21.7%
Johnny 'Red' Floyd Stadium
MTSU
11.4%
Quiz Playlist
Details
Report
Send in Message
Add To Playlist
Classic:
Type in answers that appear in a list
Last Updated: Feb 16, 2017
Quiz Scoreboard
CHALLENGE
Sign Up to Join the Scoreboard
Show All
Scores
Hide
Comments
May contain spoilers
Recently Published
1-10 Letter E Words III
by El_Dandy
Language
2m
One Thing in Common: World Cities II
by knightlancer
Geography
7m
Popular People in 1961
by mucciniale
History
6m
More to Explore
Quiz From the Vault
Featured Blog Post
Where Did the Easter Bunny Come From?
hide this ad
You Might Also Like...
Tags
Football Quiz
NCAA Quiz
By Stadium
NCAA Football
school
team
Today's Top Quizzes in Sports
Browse Sports
hide this ad
Today's Top Quizzes in Football
Browse Football
Top Contributed Quizzes in Sports
1
Les meilleurs buteurs des matchs entre le PSG et l’OM
2
Les entraîneurs de l'OM et du PSG au 21e siècle
3
2022 World Cup Stars
4
FIFA Club World Cup Champions
5
Name the Premier League winners with different clubs
6
La finale Lions - Afrique du Sud 2021
7
Criteria MLB: Left Handed Sluggers
8
Players with Multiple 50 Home Run Seasons
9
MLB Players with Two .350 Batting Average Seasons
10
MLB Hall of Famer by Rings
Explore More
Trending Topics
Crossword
Anime
Marvel
NBA
Kpop
Harry Potter
Disney
Song
Country
Puzzle
WWE
NFL
Pokémon
The Office
Soccer
hide this ad
More By:
JKowalek
Quiz
Plays
Rating
Category
Featured
Created
NCAA Football Teams By Stadium
166
3.00
Sports
Aug 6, 2014
NFL Players 6'6'+ (This one's for Jimmy)
33
2.25
Sports
Aug 11, 2014
Siena 2016-17 Schedule
8
Sports
Nov 9, 2016
Trevor's Test of Cleveland (Cleveland Rocks)
8
Just For Fun
Aug 6, 2014
Go to Creator's Profile
Score Distribution
Quiz Creator Spotlight
JKowalek
Follow
Send a Message
Quizzes Created
-
Created Quiz Play Count
-
More By This Creator
Popular Quizzes Today
1
Find the US States - No Outlines Minefield
2
Find the Countries of Europe - No Outlines Minefield
3
The Countries of the World
4
Popular People in 1961
5
1-10 Letter E Words III
6
Find the US States
7
One Thing in Common: World Cities II
8
US States
More Sports Quizzes
Top 50 French Champions League Appearances
Quiz Lab
Trending Quizzes
Risky Map Clicking: Least Populous States A-Z
1-10 Letter F Words
1-10 Letter G Words
One Thing in Common: United Kingdom
Risky Map Clicking: Next State Alphabetically
Recently Updated
Leaping Animals
pecheneg
Reality TV Shows (A-Z)
bhenderson79
Rickey Henderson's Hall of Fame Teammates
pecheneg
Champions League XIs: Arsenal
pecheneg
Quick Pick: Celebrities in WWE's Hall of Fame
aduchscher
A-Z Keypad Blitz II
pecheneg
Multiple Oscar Actors
pecheneg
Mystery Phrase Blitz: Oscar 'Best Actors'
pecheneg
F. Scott Fitzgerald Novels
LTH
Pick 3 Villains
ddd62291
Trending Topics
Harry Potter
Marvel
Disney
Crossword
Anime
NBA
Kpop
Song
Country
Puzzle
The Office
Soccer
WWE
Pokémon
NFL
Your Account Isn't Verified!
In order to create a playlist on Sporcle, you need to verify the email address you used during registration. Go to your
Sporcle Settings
to finish the process.
Report this User
Report this user for behavior that violates our
Community Guidelines
.
Details:
Send Report
Go to the Sporcle.com Mobile Site →
Comments